Information technology and national trade facilitation : Guide to best practice /
Gespeichert in:
| Hauptverfasser: | , |
|---|---|
| Format: | Buch |
| Sprache: | Englisch |
| Veröffentlicht: |
Washington :
The World Bank,
1995
|
| Ausgabe: | 1.vyd. |
| Schlagworte: | |
| Tags: |
Keine Tags, Fügen Sie das erste Tag hinzu!
|
MARC
| LEADER | 00000nam a22000003a 4500 | ||
|---|---|---|---|
| 001 | stu9356 | ||
| 005 | 20200928113053.0 | ||
| 008 | 970103s1995----xxu-----------------eng-d | ||
| 020 | |a 0-8213-3534-0 | ||
| 040 | |a STU |b slo | ||
| 041 | 0 | |a eng | |
| 044 | |a xxu | ||
| 080 | |a 339.5 | ||
| 080 | |a 681.32.06 | ||
| 080 | |a 330.341 | ||
| 080 | |a 002 | ||
| 100 | 1 | |a Schware, Robert |4 aut | |
| 245 | 1 | |a Information technology and national trade facilitation : |b Guide to best practice / |c [aut.] Schware,Robert; Kimberley,Paul | |
| 250 | |a 1.vyd. | ||
| 260 | |a Washington : |b The World Bank, |c 1995 | ||
| 300 | |a 132 s | ||
| 650 | 7 | |a informačné technológie |2 stusub | |
| 650 | 7 | |a medzinárodný obchod |2 stusub | |
| 700 | 1 | |a Kimberley, Paul |4 aut | |
| 996 | |b E81022 |c R*81022 |l RRUM |s A |a 24 |w stu9356_0001 | ||